Sistemas tributarios de América Latina: El Salvador. (Record no. 51587)

MARC details
000 -LEADER
fixed length control field 00883cam a22002291 4500
001 - CONTROL NUMBER
control field pa 66000023
003 - CONTROL NUMBER IDENTIFIER
control field DLC
005 - DATE AND TIME OF LATEST TRANSACTION
control field 20260227111857.0
008 - FIXED-LENGTH DATA ELEMENTS--GENERAL INFORMATION
fixed length control field 751023s1966 dcu i000 0 spa c
010 ## - LIBRARY OF CONGRESS CONTROL NUMBER
LC control number pa 66000023
035 ## - SYSTEM CONTROL NUMBER
System control number (OCoLC)1729453
040 ## - CATALOGING SOURCE
Original cataloging agency Pan American Union. Library.
Transcribing agency FU
Modifying agency OCoLC
-- CLU
-- DLC
042 ## - AUTHENTICATION CODE
Authentication code premarc
043 ## - GEOGRAPHIC AREA CODE
Geographic area code nces---
050 00 - LIBRARY OF CONGRESS CALL NUMBER
Classification number KGC4589
Item number .J656 1966
082 ## - DEWEY DECIMAL CLASSIFICATION NUMBER
Classification number 340
110 2# - MAIN ENTRY--CORPORATE NAME
Corporate name or jurisdiction name as entry element Joint Tax Program of the Organization of American States and the Inter-American Development Bank.
245 10 - TITLE STATEMENT
Title Sistemas tributarios de América Latina: El Salvador.
Statement of responsibility, etc. Preparado por el Programa Conjunto de Tributación de la Organización de los Estados Americanos y el Banco Interamericano de Desarrollo.
260 ## - PUBLICATION, DISTRIBUTION, ETC.
Place of publication, distribution, etc. Washington,
Name of publisher, distributor, etc. Unión Panamericana,
Date of publication, distribution, etc. 1966.
300 ## - PHYSICAL DESCRIPTION
Extent ix, 88 p.
Dimensions 28cm.
650 #0 - SUBJECT ADDED ENTRY--TOPICAL TERM
Topical term or geographic name entry element Taxation
General subdivision Law and legislation
Geographic subdivision El Salvador.

No items available.

Powered by Koha